000 00711cam a2200241 a 4500
001 1990911
003 NUST - PNEC
005 20170116181029.0
008 891115s1989 caua 001 0 eng
010 _a 89206969
020 _a0078815150 :
040 _cLIBRARY
082 0 0 _a005.7565 BIO
100 1 _aBiow, Lisa.
245 1 0 _adBase IV :
_bsecrets, solutions, shortcuts /
_cLisa Biow.
260 _aBerkeley :
_bOsborne McGraw-Hill,
_cc1989.
300 _axv, 942 p. :
_bill. ;
_c24 cm.
630 0 0 _adBase IV (Computer file)
650 0 _aDatabase management.
906 _a7
_bcbc
_corignew
_d2
_encip
_f19
_gy-gencatlg
942 _2ddc
_cBK
999 _c67646
_d67646